书目信息 |
| 书名: | Materials sciences in space with application to space processing | |
| 作者: | ;AIAA Aerospace Sciences Meeting | |
| 分册号: | ||
| 分册名: | 出版地: | New York : |
|
| 出版社: | American Institute of Aeronautics and Astronautics | |
| 出版时间: | c1977. | |
| 页数: | xiv, 580 p. : | |
| 开本: | 24 cm. | |
| 丛书名: | Progress in astronautics and aeronautics | |
| 中图分类号: | ||
| 科图分类号: | ||
| 其他分类号: | V1 | |
| 主题词: | ||
| 电子资源: | ||
| 000 | 01547cam a2200337 i 4500 | |
| 001 | E0734596055 | |
| 003 | CAL | |
| 005 | 20070725095512.46 | |
| 008 | 770121s1977 nyua b 10000 eng | |
| 020 | @a0915928167. | |
| 040 | @cBUA | |
| 050 | 0 | @aTL507@b.P75 vol. 52@aTP155.7 |
| 082 | @a629.1/08 s@a620.1/1 | |
| 090 | @aV1 | |
| 093 | @aV1 | |
| 099 | @dV1@ex3 | |
| 245 | 00 | @aMaterials sciences in space with application to space processing :@btechnical papers selected from AIAA 12th Aerospace Sciences Meeting, January 1974, AIAA/ASME Thermophysics and Heat Transfer Conference, JUly 1974, AIAA/AGU Conference on Scientific Experiments of Skylab, Oct.-Nov. 1974, AIAA 10th Thermophysics Conference, May 1975, COSPAR Symposium on Materials Sciences in Space, June 1976, and papers invited by the editor, subsequently revised for this volume / @cedited by Leo Steg. |
| 260 | @aNew York :@bAmerican Institute of Aeronautics and Astronautics,@cc1977. | |
| 300 | @axiv, 580 p. :@bill. ;@c24 cm. | |
| 440 | 0 | @aProgress in astronautics and aeronautics ;@vv. 52 |
| 504 | @aIncludes bibliographical references. | |
| 650 | 0 | @aSpace environment. |
| 650 | 0 | @aChemical processes@xEffect of reduced gravity on. |
| 650 | 0 | @aMatter@xEffect of reduced gravity on. |
| 650 | 0 | @aMaterials@xEffect of space environment on. |
| 700 | 1 | @aSteg, Leo. |
| 711 | 20 | @aAIAA Aerospace Sciences Meeting,@b12th,@cWashington, D.C.,@d1974. |
| 740 | 1 | @aSpace processing. |
| 920 | @a211060@z1 | |
| 920 | @a231030@bV25-53@cA512M 1974@z1 | |
| 998 | @aSJT | |
| Materials sciences in space with application to space processing : : technical papers selected from AIAA 12th Aerospace Sciences Meeting, January 1974, AIAA/ASME Thermophysics and Heat Transfer Conference, JUly 1974, AIAA/AGU Conference on Scientific Experiments of Skylab, Oct.-Nov. 1974, AIAA 10th Thermophysics Conference, May 1975, COSPAR Symposium on Materials Sciences in Space, June 1976, and papers invited by the editor, subsequently revised for this volume / / edited by Leo Steg.-New York : : American Institute of Aeronautics and Astronautics, , c1977. |
| xiv, 580 p. : : ill. ; ; 24 cm.- (Progress in astronautics and aeronautics ; v. 52) |
| Includes bibliographical references. |
| ISBN 0915928167. |
| ● |
| 相关链接 |
|
|
|
|
正题名:Materials sciences in space with application to space processing
索取号:V1/x3
 
预约/预借
| 序号 | 登录号 | 条形码 | 馆藏地/架位号 | 状态 | 备注 |
| 1 | 13597 | 300135976 | 密集书库/ [索取号:V1/x3] | 在馆 | |
| 2 | 27514 | 300135921 | 第二样本阅览室/ [索取号:V1/x3] | 在馆 |